00578 2200181 4500001002100000005001800021008004100039035002400080090002000104100002900124245011900153250001100272260004200283300002100325650002000346850001500366999001500381YOGYA-1010000000146920101005092418936 ind  0010-101000000001469 aDEP 783.3 Tea M aTeam Pusat Musik Liturgi aMadah bakti suplemen lagu untuk lagu untuk perayaan sakramen dan ekaristri=buku kor campur termasuk lagu-lagu solo aCet. 1 aYogyakartabPusat musik Liturgic1992 ajil :ilus; 30 cm anyanyian rohani aYOPDYOG[B] a95D0021305